Suomalaisia yhtyeet/duot - Statistics

Yleistilastot
  • Tätä visaa on pelattu 169 kertaa
  • Keskiarvotulos 11 / 16
Vastaustilastot
Kuvavisa Vastaus % Oikein
jvg
96%
Matti ja Teppo
92%
Apulanta
91%
Haloo Helsinki
90%
The Rasmus
88%
Nightwish
77%
Roope Salminen ja Koirat
77%
Klamydia
74%
Blind channel
73%
Nylon beat
67%
Tiktak
67%
Pertti Kurikan nimipäivät
62%
maustetytöt
53%
Taikapeili
39%
Ida Paul ja Kalle Lindroth
25%
Reckless love
23%
Ehtoja vastaavia visoja ei löytynyt
Tulosjakauma
Jokaisen tuloksen saaneiden osuus
Persentiili vastausten määrän mukaan
Tuloshistoriasi
Et ole pelannut tätä visaa